[Event "WC-2016-Q-00011"]
[Site "LSS email"]
[Date "2016.08.29"]
[Round "?"]
[White "Astroukh, Vitalij"]
[Black "Fortunato, Lorenzo"]
[Result "1-0"]
[WhiteElo "2360"]
[BlackElo "2159"]
[PlyCount "45"]
[EventDate "2016.09.03"]
[EventType "tourn (corr)"]
[EventRounds "12"]
[EventCountry "GER"]
[SourceTitle "Corr 2022"]
[Source "ChessBase"]
[SourceDate "2021.10.24"]
[SourceVersion "1"]
[SourceVersionDate "2021.10.24"]
[SourceQuality "1"]

1. e4 g6 2. d4 Bg7 3. Nc3 d6 4. Be3 a6 5. Nf3 b5 6. a4 b4 7. Nd5 Bb7 8. Nxb4 Bxe4 9. Bc4 Bb7 10. h4 Nf6 11. h5 gxh5 12. Nd3 Nbd7 13. Qe2 e6 14. Nf4 Nb6 15. Bd3 Qd7 16. c4 Nxa4 17. Rh3 h6 18. Kf1 Kf8 19. Nh4 Nb6 20. Nxh5 Nxh5 21. Qxh5 Re8 22. Rg3 Rb8 23. Re1 1-0

[Event "WC-2014-S-00009"]
[Site "LSS email"]
[Date "2011.07.16"]
[Round "?"]
[White "Fortunato, Lorenzo"]
[Black "Cipka, Ivan"]
[Result "1/2-1/2"]
[WhiteElo "2152"]
[BlackElo "2246"]
[PlyCount "60"]
[EventDate "2011.07.22"]
[EventType "tourn (corr)"]
[EventRounds "6"]
[EventCountry "GER"]
[SourceTitle "Telechess CBM 153"]
[Source "ChessBase"]
[SourceDate "2013.03.14"]
[SourceVersion "1"]
[SourceVersionDate "2013.03.14"]
[SourceQuality "1"]

1. e4 e5 2. Bc4 Nf6 3. d3 c6 4. Nf3 d5 5. Bb3 Bd6 6. Nc3 h6 7. exd5 cxd5 8. Bxd5 Nxd5 9. Nxd5 Be6 10. Nc3 Nc6 11. 0-0 0-0 12. Re1 Rc8 13. h3 Bb8 14. a3 f5 15. Bf4 Qf6 16. Bh2 Rfd8 17. Qe2 Re8 18. Nxe5 Bf7 19. f4 Nxe5 20. fxe5 Qb6+ 21. Qf2 Qxb2 22. Ne2 Bxe5 23. Bxe5 Qxe5 24. Nd4 Qc5 25. Rxe8+ Bxe8 26. Re1 Bd7 27. c4 b5 28. cxb5 Bxb5 29. Nxb5 Qxb5 30. d4 Qd3 1/2-1/2

[Event "WC-2014-S-00009"]
[Site "LSS email"]
[Date "2011.07.16"]
[Round "?"]
[White "Sadowski, Marek"]
[Black "Fortunato, Lorenzo"]
[Result "1/2-1/2"]
[WhiteElo "2273"]
[BlackElo "2152"]
[PlyCount "40"]
[EventDate "2011.07.22"]
[EventType "tourn (corr)"]
[EventRounds "6"]
[EventCountry "GER"]
[SourceTitle "Telechess CBM 153"]
[Source "ChessBase"]
[SourceDate "2013.03.14"]
[SourceVersion "1"]
[SourceVersionDate "2013.03.14"]
[SourceQuality "1"]

1. e4 g6 2. d4 Bg7 3. Nc3 d6 4. Be3 a6 5. Nf3 b5 6. Bd3 Nd7 7. Qd2 Bb7 8. 0-0 c5 9. dxc5 Nxc5 10. b4 Nxd3 11. cxd3 Rc8 12. Rfc1 Nf6 13. h3 0-0 14. a4 bxa4 15. Nxa4 Nd7 16. Bd4 Rxc1+ 17. Rxc1 Qb8 18. Bxg7 Kxg7 19. Qb2+ Kg8 20. Qd4 Rc8 1/2-1/2

[Event "LSS OP-2009-0-00991"]
[Site "LSS email"]
[Date "2009.11.12"]
[Round "?"]
[White "Fortunato, Lorenzo"]
[Black "Molina, Vicente Andres"]
[Result "1-0"]
[WhiteElo "2055"]
[BlackElo "669"]
[PlyCount "37"]
[EventDate "2009.11.04"]
[EventType "tourn (corr)"]
[EventRounds "4"]
[EventCountry "GER"]
[SourceTitle "Corr 2013"]
[Source "ChessBase"]
[SourceDate "2012.11.12"]
[SourceVersion "1"]
[SourceVersionDate "2012.11.12"]
[SourceQuality "1"]

1. e4 c5 2. Nc3 d6 3. g3 Nc6 4. Bg2 e5 5. d3 Nf6 6. Nge2 Be6 7. Nd5 Bxd5 8. exd5 Nd4 9. Nxd4 cxd4 10. c3 dxc3 11. bxc3 g6 12. Rb1 b6 13. f4 Qe7 14. 0-0 Qc7 15. fxe5 Nd7 16. e6 fxe6 17. dxe6 Ne5 18. Qa4+ Ke7 19. Bg5+ 1-0

[Event "LSS OP-2009-0-00991"]
[Site "LSS email"]
[Date "2009.11.12"]
[Round "?"]
[White "Koenig, Paul"]
[Black "Fortunato, Lorenzo"]
[Result "1/2-1/2"]
[WhiteElo "2053"]
[BlackElo "2100"]
[PlyCount "67"]
[EventDate "2009.11.04"]
[EventType "tourn (corr)"]
[EventRounds "4"]
[EventCountry "GER"]
[SourceTitle "Telechess CBM 147"]
[Source "ChessBase"]
[SourceDate "2012.03.16"]
[SourceVersion "1"]
[SourceVersionDate "2012.03.16"]
[SourceQuality "1"]

1. e4 g6 2. d4 Bg7 3. Nc3 d6 4. f4 a6 5. Nf3 b5 6. Bd3 Nd7 7. e5 Nh6 8. 0-0 0-0 9. a4 b4 10. Ne4 a5 11. c3 bxc3 12. bxc3 Nb6 13. Qe2 Bd7 14. Bd2 Nxa4 15. c4 Nf5 16. Ra2 Nb6 17. Rxa5 Rxa5 18. Bxa5 Qa8 19. Bxb6 cxb6 20. g4 Nh6 21. h3 dxe5 22. Nxe5 Bc8 23. Nc3 f6 24. Nf3 e6 25. Kg2 Qb8 26. Qe3 f5 27. Ne5 Nf7 28. Nb5 Bb7+ 29. Kg1 Qe8 30. gxf5 exf5 31. Be2 Qe6 32. Qf2 Qe7 33. Qg3 Rd8 34. Bf3 1/2-1/2

[Event "LSS OP-2009-0-00991"]
[Site "LSS email"]
[Date "2009.11.12"]
[Round "?"]
[White "Urbaniak, Marcin"]
[Black "Fortunato, Lorenzo"]
[Result "0-1"]
[WhiteElo "1432"]
[BlackElo "2100"]
[PlyCount "100"]
[EventDate "2009.11.04"]
[EventType "tourn (corr)"]
[EventRounds "4"]
[EventCountry "GER"]
[SourceTitle "Telechess CBM 147"]
[Source "ChessBase"]
[SourceDate "2012.03.16"]
[SourceVersion "1"]
[SourceVersionDate "2012.03.16"]
[SourceQuality "1"]

1. e4 g6 2. Nc3 Bg7 3. d4 d6 4. Nf3 a6 5. Bc4 e6 6. 0-0 Ne7 7. Bg5 h6 8. Be3 0-0 9. Qd2 f5 10. Bxh6 fxe4 11. Nh4 d5 12. Bb3 Nf5 13. Bxg7 Kxg7 14. Nxf5+ Rxf5 15. Nd1 Nc6 16. Ne3 Rf7 17. Ng4 Qh4 18. h3 e5 19. Nxe5 Nxe5 20. dxe5 Bxh3 21. gxh3 Qxh3 22. Qe3 Rf3 23. Qg5 Rf5 24. Qg3 Qh5 25. f4 exf3 26. Kf2 Qh6 27. Rad1 Rh5 28. Bxd5 Rh2+ 29. Kg1 Qe3+ 30. Rf2 Rg2+ 31. Qxg2 fxg2 32. Rd3 Qxe5 33. Rf7+ Kh6 34. Kxg2 g5 35. Bxb7 Rb8 36. Bxa6 Rb6 37. Bc8 Rxb2 38. Rh3+ Kg6 39. Rf2 Rxc2 40. Rxc2 Qe4+ 41. Rf3 Qxc2+ 42. Rf2 Qe4+ 43. Kg1 c5 44. Bd7 Qd3 45. Be8+ Kh6 46. Rf6+ Kg7 47. Rf7+ Kg8 48. Rf2 g4 49. Bf7+ Kg7 50. Bb3 c4 0-1

[Event "LSS SA-2009-0-00081"]
[Site "LSS email"]
[Date "2009.08.28"]
[Round "?"]
[White "Fortunato, Lorenzo"]
[Black "Giurgiu, Nicolas T"]
[Result "1-0"]
[WhiteElo "2077"]
[BlackElo "2024"]
[PlyCount "75"]
[EventDate "2009.08.13"]
[EventType "tourn (corr)"]
[EventRounds "6"]
[EventCountry "GER"]
[SourceTitle "Telechess CBM 141"]
[Source "ChessBase"]
[SourceDate "2011.03.17"]
[SourceVersion "1"]
[SourceVersionDate "2011.03.17"]
[SourceQuality "1"]

1. e4 d5 2. exd5 Nf6 3. Bb5+ Bd7 4. Be2 Nxd5 5. d4 Bf5 6. Nf3 e6 7. 0-0 Be7 8. a3 0-0 9. c4 Nb6 10. Nc3 Nc6 11. Be3 Bf6 12. Rc1 a6 13. b4 Re8 14. h3 h6 15. Re1 Bg6 16. Qd2 Nc8 17. Rcd1 Nd6 18. Qc1 Qc8 19. d5 Bxc3 20. Qxc3 exd5 21. cxd5 Ne7 22. Ne5 Qd8 23. Bc5 Bh7 24. Bh5 Nef5 25. g4 b6 26. gxf5 bxc5 27. bxc5 Qg5+ 28. Bg4 Nxf5 29. d6 cxd6 30. cxd6 h5 31. Nf3 Rxe1+ 32. Qxe1 Qd8 33. Bxh5 Nh6 34. d7 Bc2 35. Rd4 Bf5 36. Qd2 Rb8 37. Ne5 Rb6 38. Bf3 1-0

[Event "LSS SA-2009-0-00081"]
[Site "LSS email"]
[Date "2009.08.27"]
[Round "?"]
[White "Fortunato, Lorenzo"]
[Black "Herzog, Klaus"]
[Result "1-0"]
[WhiteElo "2047"]
[BlackElo "1977"]
[PlyCount "57"]
[EventDate "2009.08.13"]
[EventType "tourn (corr)"]
[EventRounds "6"]
[EventCountry "GER"]
[SourceTitle "Telechess CBM 137"]
[Source "ChessBase"]
[SourceDate "2010.07.15"]
[SourceVersion "1"]
[SourceVersionDate "2010.07.15"]
[SourceQuality "1"]

1. e4 e5 2. Bc4 Nf6 3. d3 Nc6 4. Nc3 Bc5 5. f4 d6 6. Nf3 Bg4 7. Na4 Bb6 8. Nxb6 axb6 9. c3 exf4 10. Bxf4 Nh5 11. Bg5 Qxg5 12. Nxg5 Bxd1 13. Rxd1 0-0 14. 0-0 Nf6 15. a3 Ne5 16. Ba2 Ra5 17. h3 Nc6 18. Nf3 Re8 19. g4 h6 20. Kg2 Kf8 21. Kg3 Kg8 22. Nh4 Ne5 23. Nf5 Kh7 24. Ne3 Kg8 25. h4 Ned7 26. Nc4 Rc5 27. Kh3 Ra8 28. d4 Rb5 29. Rde1 1-0

[Event "LSS RB-2009-0-00048"]
[Site "LSS email"]
[Date "2009.05.05"]
[Round "?"]
[White "Fortunato, Lorenzo"]
[Black "Nicolenco, Sergey"]
[Result "1/2-1/2"]
[WhiteElo "1977"]
[BlackElo "1963"]
[PlyCount "52"]
[EventDate "2009.03.17"]
[EventType "tourn (corr)"]
[EventRounds "6"]
[EventCountry "GER"]
[SourceTitle "Corr 2011"]
[Source "ChessBase"]
[SourceDate "2010.08.31"]
[SourceVersion "1"]
[SourceVersionDate "2010.08.31"]
[SourceQuality "1"]

1. e4 e5 2. Bc4 Nf6 3. d3 c6 4. Nf3 Be7 5. 0-0 d6 6. Re1 Nbd7 7. a4 0-0 8. Nc3 Nc5 9. d4 exd4 10. Nxd4 a5 11. Bf4 Ng4 12. Nf5 Ne5 13. Nxe7+ Qxe7 14. Be2 f5 15. exf5 Bxf5 16. Qd2 Qf6 17. Bg5 Qg6 18. Be7 Ne4 19. Nxe4 Bxe4 20. g3 Qf7 21. Bxf8 Qf3 22. Bxf3 Nxf3+ 23. Kf1 Nxd2+ 24. Ke2 Nf3 25. Bxd6 Nxe1 26. Kxe1 Bxc2 1/2-1/2

[Event "Monselice Province-ch"]
[Site "Monselice"]
[Date "2009.01.10"]
[Round "2"]
[White "Belloni, Umberto"]
[Black "Fortunato, Lorenzo"]
[Result "1-0"]
[WhiteElo "1878"]
[BlackElo "1443"]
[PlyCount "96"]
[EventDate "2009.01.09"]
[EventType "swiss"]
[EventRounds "7"]
[EventCountry "ITA"]
[SourceTitle "EXT 2011"]
[Source "ChessBase"]
[SourceDate "2010.11.26"]
[SourceVersion "1"]
[SourceVersionDate "2010.11.26"]
[SourceQuality "1"]

1. d4 g6 2. c3 Bg7 3. Bg5 d6 4. e3 Nd7 5. Bd3 Ngf6 6. f4 c5 7. Nf3 Qb6 8. Qd2 0-0 9. Na3 a6 10. 0-0 Qc7 11. Bh4 b5 12. Rac1 Bb7 13. Bg3 Ne4 14. Bxe4 Bxe4 15. Nc2 h6 16. Nce1 Rfd8 17. Nd3 c4 18. Nf2 Bb7 19. Qc2 Nf6 20. h3 Bc6 21. e4 Qb7 22. Rce1 e6 23. Bh4 Re8 24. Re3 Nd7 25. Qe2 Bf6 26. Ng4 Bxh4 27. Nxh4 Kg7 28. f5 g5 29. Nf3 f6 30. fxe6 Nf8 31. d5 Bxd5 32. exd5 Qxd5 33. Nd4 Nh7 34. Rf5 Qb7 35. Qf2 Qe7 36. Rxg5+ Kf8 37. Nxh6 Nxg5 38. Nhf5 Qh7 39. Nxd6 Qg7 40. Nxe8 Rxe8 41. Qg3 Qh7 42. Qf4 Qe7 43. h4 Nf7 44. Nf5 Qc5 45. exf7 Rxe3 46. Nxe3 Kxf7 47. Kh2 a5 48. Ng4 Qc6 1-0

[Event "LSS SB-2008-0-00025"]
[Site "LSS email"]
[Date "2008.09.05"]
[Round "?"]
[White "Fortunato, Lorenzo"]
[Black "Trani, Francesco"]
[Result "1/2-1/2"]
[WhiteElo "1927"]
[BlackElo "1979"]
[PlyCount "41"]
[EventDate "2008.08.26"]
[EventType "tourn (corr)"]
[EventRounds "6"]
[EventCountry "GER"]
[SourceTitle "Corr 2011"]
[Source "ChessBase"]
[SourceDate "2010.08.31"]
[SourceVersion "1"]
[SourceVersionDate "2010.08.31"]
[SourceQuality "1"]

1. e4 c5 2. Ne2 Nf6 3. Nbc3 d6 4. g3 Nc6 5. Bg2 g6 6. 0-0 Bg7 7. d3 0-0 8. h3 Rb8 9. Be3 b5 10. a3 a5 11. Qd2 b4 12. axb4 axb4 13. Nd5 Nd7 14. Bh6 Bxb2 15. Bxf8 Bxa1 16. Nxe7+ Nxe7 17. Bxe7 Qxe7 18. Rxa1 Qf6 19. d4 Nb6 20. Ra7 Be6 21. Bf1 1/2-1/2

[Event "LSS SB-2008-0-00025"]
[Site "LSS email"]
[Date "2008.09.05"]
[Round "?"]
[White "Schild, Reinhard"]
[Black "Fortunato, Lorenzo"]
[Result "1/2-1/2"]
[WhiteElo "1937"]
[BlackElo "1957"]
[PlyCount "79"]
[EventDate "2008.08.26"]
[EventType "tourn (corr)"]
[EventRounds "6"]
[EventCountry "GER"]
[SourceTitle "Corr 2011"]
[Source "ChessBase"]
[SourceDate "2010.08.31"]
[SourceVersion "1"]
[SourceVersionDate "2010.08.31"]
[SourceQuality "1"]

1. e4 e5 2. Nf3 Nf6 3. Nxe5 d6 4. Nf3 Nxe4 5. d4 d5 6. Bd3 Bd6 7. 0-0 0-0 8. c4 c6 9. Qc2 Na6 10. a3 Bg4 11. Ne5 Bf5 12. b4 f6 13. Nf3 Bg4 14. Nbd2 Nxd2 15. Bxh7+ Kh8 16. Bxd2 Bxf3 17. gxf3 f5 18. Bxf5 Qh4 19. h3 g6 20. Bg4 Rxf3 21. Be3 Rxh3 22. Bxh3 Qxh3 23. f3 dxc4 24. Qg2 Qxg2+ 25. Kxg2 Nc7 26. Rh1+ Kg7 27. d5 Nxd5 28. Bd4+ Nf6 29. Rad1 Be7 30. Rh4 a5 31. Rf4 axb4 32. axb4 Rf8 33. Bxf6+ Rxf6 34. Rxc4 Re6 35. Rd7 b5 36. Rcd4 Kf6 37. Rc7 g5 38. Kh3 Kf5 39. Re4 Kf6 40. Rxe6+ 1/2-1/2

[Event "LSS BI-2007-F-00002"]
[Site "LSS email"]
[Date "2008.02.15"]
[Round "?"]
[White "Broniek, Mariusz Maciej"]
[Black "Fortunato, Lorenzo"]
[Result "1/2-1/2"]
[WhiteElo "2234"]
[BlackElo "1782"]
[PlyCount "82"]
[EventDate "2008.02.15"]
[EventType "tourn (corr)"]
[EventRounds "10"]
[EventCountry "GER"]
[SourceTitle "Corr 2011"]
[Source "ChessBase"]
[SourceDate "2010.08.31"]
[SourceVersion "1"]
[SourceVersionDate "2010.08.31"]
[SourceQuality "1"]

1. d4 Nf6 2. c4 e6 3. Nc3 Bb4 4. e3 0-0 5. Bd3 d5 6. Nf3 c5 7. 0-0 cxd4 8. exd4 dxc4 9. Bxc4 b6 10. Bg5 Bb7 11. Ne5 Nc6 12. Bxf6 Qxf6 13. Nd7 Qh4 14. Nxf8 Rxf8 15. Ne2 Rd8 16. Qb3 Nxd4 17. Nxd4 Bd6 18. g3 Qxd4 19. Rad1 Qe4 20. f3 Qe5 21. Bd3 g5 22. Rfe1 Bc5+ 23. Kf1 Qf6 24. Be4 Rxd1 25. Qxd1 Ba6+ 26. Kg2 Qxb2+ 27. Qc2 Qxc2+ 28. Bxc2 Kg7 29. Rd1 Bb5 30. Rd8 a5 31. a4 Bc6 32. g4 h5 33. Rc8 Bd5 34. gxh5 g4 35. Bd1 gxf3+ 36. Bxf3 Bb3 37. Bc6 Bd1 38. Rc7 Bxh5 39. h4 Bg6 40. Kf3 Kf6 41. Ra7 Bh5+ 1/2-1/2

[Event "LSS BI-2007-F-00002"]
[Site "LSS email"]
[Date "2008.02.15"]
[Round "?"]
[White "Johansen, Toralf"]
[Black "Fortunato, Lorenzo"]
[Result "1-0"]
[WhiteElo "2148"]
[BlackElo "1782"]
[PlyCount "89"]
[EventDate "2008.02.15"]
[EventType "tourn (corr)"]
[EventRounds "10"]
[EventCountry "GER"]
[SourceTitle "Corr 2011"]
[Source "ChessBase"]
[SourceDate "2010.08.31"]
[SourceVersion "1"]
[SourceVersionDate "2010.08.31"]
[SourceQuality "1"]

1. e4 e5 2. Nf3 Nf6 3. Nxe5 d6 4. Nf3 Nxe4 5. d3 Nf6 6. d4 Be7 7. Bd3 Bg4 8. 0-0 0-0 9. Re1 Nc6 10. c3 Qd7 11. Nbd2 Rfe8 12. Qb3 Be6 13. Qc2 g6 14. Nf1 Bd5 15. Ng5 Qg4 16. f3 Qh4 17. Be3 Nd7 18. Qd2 Nb6 19. b3 h6 20. Ne4 Bxe4 21. fxe4 Bg5 22. Bxg5 Qxg5 23. Qf2 Qa5 24. Rac1 h5 25. h4 d5 26. a4 dxe4 27. Bxe4 Nd7 28. Nd2 Re6 29. b4 Qxa4 30. Bd5 Rf6 31. Qg3 Rc8 32. Ne4 Kg7 33. Rf1 Rxf1+ 34. Rxf1 Rf8 35. Qxc7 Ne7 36. Bxb7 Nf5 37. Ng5 Qb3 38. Qxd7 Ne3 39. Rf4 Qd1+ 40. Kh2 Ng4+ 41. Rxg4 hxg4 42. Ne6+ Kg8 43. Nxf8 Kxf8 44. Bd5 Qf1 45. Qxf7+ 1-0

[Event "LSS RC-2008-0-00001"]
[Site "LSS email"]
[Date "2008.01.10"]
[Round "?"]
[White "Fortunato, Lorenzo"]
[Black "Mancuso, Alberto"]
[Result "0-1"]
[WhiteElo "1776"]
[BlackElo "1766"]
[PlyCount "98"]
[EventDate "2008.01.06"]
[EventType "tourn (corr)"]
[EventRounds "6"]
[EventCountry "GER"]
[SourceTitle "Corr 2011"]
[Source "ChessBase"]
[SourceDate "2010.08.31"]
[SourceVersion "1"]
[SourceVersionDate "2010.08.31"]
[SourceQuality "1"]

1. e4 c5 2. Ne2 Nc6 3. Nbc3 e6 4. g3 Nf6 5. Bg2 Be7 6. 0-0 0-0 7. d3 d6 8. Bd2 a6 9. Kh1 Bd7 10. f4 h6 11. Ng1 b5 12. a3 Rc8 13. g4 b4 14. axb4 cxb4 15. Na4 Nh7 16. Be3 Rb8 17. Nf3 e5 18. f5 Nf6 19. Nd2 Nd4 20. Nc4 b3 21. cxb3 Nxb3 22. Ra2 Nd4 23. Nc3 Bb5 24. b3 Qd7 25. Rff2 Rfc8 26. Rfb2 Qd8 27. Rb1 Nc6 28. Raa1 Nb4 29. Ba7 Rb7 30. Bf2 Nd7 31. Na2 Nxa2 32. Rxa2 Nc5 33. Rc1 Rcb8 34. Bf1 Bxc4 35. bxc4 Bg5 36. Rca1 Rb2 37. Be2 a5 38. Kg2 a4 39. Qf1 Bh4 40. Be3 Nxd3 41. Rxb2 Nxb2 42. Ra3 Be7 43. Qc1 d5 44. c5 d4 45. Bd2 d3 46. Bf3 Qd4 47. Be3 Qb4 48. Ra2 Nc4 49. c6 Qb3 0-1

[Event "LSS RC-2008-0-00001"]
[Site "LSS email"]
[Date "2008.01.10"]
[Round "?"]
[White "Fortunato, Lorenzo"]
[Black "Udvari, Norbert"]
[Result "1-0"]
[WhiteElo "1776"]
[BlackElo "1763"]
[PlyCount "73"]
[EventDate "2008.01.06"]
[EventType "tourn (corr)"]
[EventRounds "6"]
[EventCountry "GER"]
[SourceTitle "Corr 2011"]
[Source "ChessBase"]
[SourceDate "2010.08.31"]
[SourceVersion "1"]
[SourceVersionDate "2010.08.31"]
[SourceQuality "1"]

1. e4 e5 2. Bc4 Nf6 3. d3 h6 4. f4 exf4 5. Bxf4 d6 6. Nf3 Nc6 7. 0-0 Na5 8. Bb3 Be7 9. Nc3 0-0 10. d4 Nxb3 11. axb3 c6 12. Qd3 d5 13. e5 Nh5 14. Be3 Be6 15. Qe2 Qc8 16. Qd2 b6 17. Ne1 a6 18. Nd3 f6 19. Rae1 Qd7 20. Bxh6 Bf5 21. e6 Bxe6 22. Qe2 Bg4 23. Qxe7 Qxe7 24. Rxe7 gxh6 25. h3 Ng3 26. hxg4 Nxf1 27. Kxf1 Rfe8 28. Rb7 Rab8 29. Rxb8 Rxb8 30. Nb4 Rc8 31. Nxa6 Kf7 32. Nb4 Ke6 33. Kf2 Kd6 34. Ne2 Re8 35. c4 Rg8 36. Kf3 Re8 37. Ng3 1-0

[Event "LSS RC-2008-0-00001"]
[Site "LSS email"]
[Date "2008.01.10"]
[Round "?"]
[White "Jenneborg, Seved"]
[Black "Fortunato, Lorenzo"]
[Result "0-1"]
[WhiteElo "1522"]
[BlackElo "1776"]
[PlyCount "122"]
[EventDate "2008.01.06"]
[EventType "tourn (corr)"]
[EventRounds "6"]
[EventCountry "GER"]
[SourceTitle "Corr 2011"]
[Source "ChessBase"]
[SourceDate "2010.08.31"]
[SourceVersion "1"]
[SourceVersionDate "2010.08.31"]
[SourceQuality "1"]

1. d4 Nf6 2. c4 e6 3. Nf3 b6 4. g3 Ba6 5. b3 d5 6. Bg2 Nbd7 7. cxd5 Nxd5 8. a3 Be7 9. e4 N5f6 10. Nc3 0-0 11. Ra2 c5 12. d5 exd5 13. e5 Ng4 14. Qxd5 Qe8 15. h3 Ndxe5 16. Nxe5 Nxe5 17. Qxa8 Qxa8 18. Bxa8 Rxa8 19. Kd1 c4 20. bxc4 Bxc4 21. Rd2 Rc8 22. Kc2 Be6 23. Re2 Nc4 24. Kb1 Nxa3+ 25. Bxa3 Bxa3 26. Nb5 Bf5+ 27. Ka2 Bc5 28. Rc1 Bxh3 29. Nd6 Ra8 30. Ne4 Be6+ 31. Kb2 Bd4+ 32. Kb1 g6 33. Rc6 b5 34. Rd2 Bg7 35. Ra6 b4 36. f3 h5 37. Rdd6 b3 38. Ra5 Rc8 39. Rd1 b2 40. Ra3 Kf8 41. Re1 Rc7 42. Ra5 f5 43. Nc5 Bc4 44. Rd1 Kf7 45. f4 Kg8 46. Rd6 Kh7 47. Rd1 Kh6 48. Kc2 Bf8 49. Rd7 Rxc5 50. Rxc5 Bxc5 51. Rc7 Bd3+ 52. Kxb2 Bf2 53. Kb3 a5 54. Rc3 Bb5 55. Kc2 a4 56. Ra3 Bd4 57. Kc1 g5 58. Kd1 gxf4 59. gxf4 h4 60. Rh3 Kh5 61. Kc2 Kg4 0-1

[Event "LSS RC-2008-0-00001"]
[Site "LSS email"]
[Date "2008.01.10"]
[Round "?"]
[White "Traczewski, Wojciech"]
[Black "Fortunato, Lorenzo"]
[Result "0-1"]
[WhiteElo "1794"]
[BlackElo "1776"]
[PlyCount "102"]
[EventDate "2008.01.06"]
[EventType "tourn (corr)"]
[EventRounds "6"]
[EventCountry "GER"]
[SourceTitle "Corr 2011"]
[Source "ChessBase"]
[SourceDate "2010.08.31"]
[SourceVersion "1"]
[SourceVersionDate "2010.08.31"]
[SourceQuality "1"]

1. e4 e5 2. Nf3 Nc6 3. Bc4 Nf6 4. d4 exd4 5. 0-0 Nxe4 6. Re1 d5 7. Bxd5 Qxd5 8. Nc3 Qh5 9. Nxe4 Be6 10. Bg5 Bd6 11. Nxd6+ cxd6 12. Bf4 Qd5 13. c3 Qf5 14. Bg3 dxc3 15. Qxd6 cxb2 16. Rab1 Rd8 17. Qa3 Rd3 18. Qxb2 0-0 19. Nh4 Qc5 20. Qxb7 Bxa2 21. Rbc1 Rc3 22. Qb2 Rxc1 23. Rxc1 Qd5 24. Nf3 Bc4 25. Qc2 Bb5 26. Rd1 Qc4 27. Qf5 Re8 28. h3 h6 29. Rb1 a6 30. Rd1 a5 31. Rb1 Ba6 32. Qd7 Re6 33. Qd2 a4 34. Ra1 Qb3 35. Kh2 Bb5 36. Qc1 Qd5 37. Qf4 g5 38. Qc7 Kg7 39. Qb6 Be2 40. Ng1 Qb5 41. Qc7 Bc4 42. Nf3 Bb3 43. Qd7 Qc4 44. Rg1 a3 45. Qd2 Kg8 46. Rc1 Qd5 47. Qc3 a2 48. Nd2 Ba4 49. Nf3 f5 50. Bc7 Re2 51. Rf1 Bb5 0-1